| 000 | 00443nam a2200157 4500 | ||
|---|---|---|---|
| 001 | 107781 | ||
| 003 | ES-MaACL | ||
| 007 | t| | ||
| 008 | 061121s1968 sp r ||||1| spa d | ||
| 100 | 1 |
_aMoreno Echevarría, José María. _983367 |
|
| 245 | 1 | 4 |
_aLos Marañones / _cJosé María Moreno Echevarría. |
| 250 | _a1.ª ed. | ||
| 260 |
_aBarcelona : _bMarte, _c1968. |
||
| 300 |
_a298 p. 18 lám. ; _c20. |
||
| 852 |
_aES-MaACL _jG-4545 _bR.66182 |
||
| 999 |
_c107781 _d107781 |
||